000 00236nam a2200109Ia 4500
008 200302s9999 xx 000 0 und d
100 _aKeven Lynch
245 _aGood City form
260 _bThe Mit Press
260 _c1981
300 _a514
999 _c5256
_d5256